000 00409pab a2200169 454500
008 180718b2008 xxu||||| |||| 00| 0 eng d
100 _aIgnatow, Gabriel
245 _aTransnational environmentalism at Europe's boundaries
260 _c2008
300 _ap.845-64.
362 _aNov
650 _aGlobalization
650 _aEnvironment
773 _aCurrent Sociology
908 _aN
909 _a80353
999 _c80353
_d80353